[Event "Oberliga Ost A 2016 2017"]
[Site "Germany"]
[Date "2017.05.06"]
[Round "10.2"]
[White "Gungl, Theo"]
[Black "Woellermann, Jan"]
[Result "0-1"]
[WhiteElo "2326"]
[BlackElo "2379"]
[PlyCount "90"]
[EventDate "2016.10.16"]
[EventType "team-tourn"]
[EventCountry "GER"]
[WhiteTeam "Dresden USV TU II"]
[BlackTeam "Magdeburg SG Aufbau Elbe"]
[WhiteTeamCountry "GER"]
[BlackTeamCountry "GER"]

1. e4 e5 2. Nf3 Nc6 3. Bb5 a6 4. Bxc6 dxc6 5. O-O Qd6 6. d4 exd4 7. Nxd4 Bd7 8.
Nc3 O-O-O 9. Be3 Nh6 10. f3 f5 11. Qe2 fxe4 12. Nxe4 Qg6 13. c3 Nf5 14. Bf2
Nxd4 15. Bxd4 Be7 16. Nc5 Bh3 17. Kh1 Rhe8 18. Nxb7 Qxg2+ 19. Qxg2 Bxg2+ 20.
Kxg2 Kxb7 21. Rad1 c5 22. Bf2 Kc6 23. Bg3 Bf6 24. Kf2 a5 25. Rfe1 a4 26. Rxd8
Rxd8 27. Re6+ Kb7 28. Ke2 a3 29. bxa3 Ra8 30. Be5 Bxe5 31. Rxe5 Rxa3 32. Kd3
Rxa2 33. Rh5 h6 34. Rh3 Rg2 35. Rg3 Rxg3 36. hxg3 Kc6 37. c4 Kd6 38. Ke4 Ke6
39. Kf4 g6 40. Ke4 h5 41. f4 Kf6 42. Ke3 Kf5 43. Kf3 c6 44. Ke3 Kg4 45. Kf2 h4
0-1

[Event "Oberliga Ost A 2016 2017"]
[Site "Germany"]
[Date "2017.05.06"]
[Round "10.3"]
[White "Paul, Johannes"]
[Black "Kukel, Imre"]
[Result "1/2-1/2"]
[WhiteElo "2297"]
[BlackElo "2251"]
[PlyCount "63"]
[EventDate "2016.10.16"]
[EventType "team-tourn"]
[EventCountry "GER"]
[WhiteTeam "Magdeburg SG Aufbau Elbe"]
[BlackTeam "Dresden USV TU II"]
[WhiteTeamCountry "GER"]
[BlackTeamCountry "GER"]

1. Nf3 c5 2. c4 Nf6 3. Nc3 Nc6 4. g3 g6 5. Bg2 Bg7 6. d4 d6 7. dxc5 dxc5 8.
Qxd8+ Nxd8 9. Ne5 Nd7 10. Nd3 Bxc3+ 11. bxc3 Ne6 12. Be3 Rb8 13. a4 b6 14. a5
Bb7 15. Bd5 Nc7 16. Bxb7 Rxb7 17. Bf4 bxa5 18. O-O Ne6 19. Rxa5 O-O 20. Rfa1
Ra8 21. Rb5 Rb6 22. Ne5 Nef8 23. Raa5 a6 24. Rxb6 Nxb6 25. Nc6 Ne6 26. Nxe7+
Kf8 27. Nd5 Nxc4 28. Ra4 Nb2 29. Ra2 Nc4 30. Ra4 Nb2 31. Ra2 Nc4 32. Ra4
1/2-1/2

[Event "Oberliga Ost A 2016 2017"]
[Site "Germany"]
[Date "2017.05.06"]
[Round "10.4"]
[White "Salzmann, Peter"]
[Black "Melamed, Tatjana"]
[Result "0-1"]
[WhiteElo "2136"]
[BlackElo "2318"]
[PlyCount "76"]
[EventDate "2016.10.16"]
[EventType "team-tourn"]
[EventCountry "GER"]
[WhiteTeam "Dresden USV TU II"]
[BlackTeam "Magdeburg SG Aufbau Elbe"]
[WhiteTeamCountry "GER"]
[BlackTeamCountry "GER"]

1. c4 Nf6 2. Nc3 g6 3. g3 Bg7 4. Bg2 O-O 5. e4 c5 6. d3 Nc6 7. Nge2 d6 8. O-O
a6 9. h3 Rb8 10. Bg5 b5 11. Qd2 bxc4 12. dxc4 Ne5 13. b3 Bxh3 14. Bh6 Qd7 15.
Bxg7 Bxg2 16. Kxg2 Kxg7 17. Rh1 h5 18. Nf4 Rh8 19. Nfd5 Nxd5 20. Nxd5 h4 21.
Qe3 Qg4 22. Nxe7 hxg3 23. f3 Qe6 24. Nd5 Nc6 25. Kxg3 Nd4 26. Rag1 a5 27. f4
Rbe8 28. Rxh8 Rxh8 29. f5 Qe5+ 30. Kf2 Rh2+ 31. Rg2 Nxf5 32. Qc3 Nd4 33. Qe1
Qh5 34. Rxh2 Qxh2+ 35. Kf1 Qxa2 36. e5 Nf3 37. exd6 Nxe1 38. d7 Nd3 0-1

[Event "Oberliga Ost A 2016 2017"]
[Site "Germany"]
[Date "2017.05.06"]
[Round "10.5"]
[White "Schoene, Maria"]
[Black "Ledfuss, Guntram"]
[Result "1-0"]
[WhiteElo "2273"]
[BlackElo "2064"]
[PlyCount "221"]
[EventDate "2016.10.16"]
[EventType "team-tourn"]
[EventCountry "GER"]
[WhiteTeam "Magdeburg SG Aufbau Elbe"]
[BlackTeam "Dresden USV TU II"]
[WhiteTeamCountry "GER"]
[BlackTeamCountry "GER"]

1. e4 e5 2. Nf3 Nc6 3. Bb5 a6 4. Ba4 Nf6 5. O-O Be7 6. Re1 b5 7. Bb3 O-O 8. h3
d6 9. c3 Na5 10. Bc2 c5 11. d4 Qc7 12. Nbd2 Re8 13. Nf1 Bf8 14. Bg5 Nd7 15. Ne3
Bb7 16. d5 h6 17. Bh4 Nb6 18. b3 Bc8 19. Nh2 Be7 20. Bg3 Bg5 21. Qf3 Nb7 22. h4
Bxe3 23. Qxe3 a5 24. f4 f6 25. Bf2 Bd7 26. f5 Nd8 27. Bd1 Re7 28. Bh5 Be8 29.
Bxe8 Rxe8 30. Rec1 b4 31. c4 a4 32. g4 Nf7 33. Nf3 Kf8 34. g5 hxg5 35. hxg5 Ke7
36. Bh4 Rh8 37. Rd1 Ra6 38. Kf2 Qa7 39. Rab1 axb3 40. axb3 Ra3 41. Qc1 Ra2+ 42.
Kg3 Nd7 43. Rh1 Ra8 44. Rh2 Qa3 45. Qxa3 R8xa3 46. Rbb2 Ra1 47. Kg4 Rf1 48.
gxf6+ gxf6 49. Bf2 Ra8 50. Nd2 Rc1 51. Rh7 Rg8+ 52. Kf3 Nf8 53. Rh2 Ra1 54. Bh4
Nh7 55. Bf2 Nhg5+ 56. Ke2 Rga8 57. Kd3 Rc1 58. Ke2 Ra3 59. Be3 Rc3 60. Rh1 Kf8
61. Rh4 Kg7 62. Rh1 Nh6 63. Rh4 Nhf7 64. Rh1 Ra8 65. Nb1 Nxe4 66. Rg1+ Nfg5 67.
Nxc3 bxc3 68. Rc2 Ra3 69. Kd3 Rxb3 70. Bxg5 Nxg5 71. Rxc3 Rxc3+ 72. Kxc3 Kf7
73. Kd3 Nh3 74. Ra1 Ng5 75. Ra7+ Ke8 76. Ke3 Kd8 77. Kf2 Ke8 78. Kg3 Ne4+ 79.
Kg4 Nd2 80. Ra4 Kf7 81. Kh5 e4 82. Kg4 e3 83. Kg3 Kg7 84. Kf4 e2 85. Ra1 Nxc4
86. Re1 Ne5 87. Rxe2 Kf7 88. Ra2 Ke7 89. Ra7+ Nd7 90. Ke4 Ke8 91. Ra8+ Ke7 92.
Rh8 Ne5 93. Rh7+ Ke8 94. Ke3 Nf7 95. Kd3 Ng5 96. Rh1 Kf7 97. Rf1 Ke7 98. Kc4
Kd7 99. Kb5 Nf7 100. Ra1 Ne5 101. Ra8 Ke7 102. Rh8 Kd7 103. Rh6 Ke7 104. Kb6
Nf7 105. Rh7 Kf8 106. Kc7 Ke7 107. Rg7 Kf8 108. Rg1 Ke7 109. Re1+ Ne5 110. Re2
c4 111. Re3 1-0

[Event "Oberliga Ost A 2016 2017"]
[Site "Germany"]
[Date "2017.05.06"]
[Round "10.6"]
[White "Clopes Llahi, Judit"]
[Black "Andre, Gordon"]
[Result "1/2-1/2"]
[WhiteElo "2121"]
[BlackElo "2235"]
[PlyCount "114"]
[EventDate "2016.10.16"]
[EventType "team-tourn"]
[EventCountry "GER"]
[WhiteTeam "Dresden USV TU II"]
[BlackTeam "Magdeburg SG Aufbau Elbe"]
[WhiteTeamCountry "GER"]
[BlackTeamCountry "GER"]

1. e4 d6 2. d4 g6 3. Nc3 Bg7 4. Be3 a6 5. f3 Nd7 6. h4 h5 7. Nh3 c5 8. Ng5 cxd4
9. Bxd4 Ngf6 10. Qd2 O-O 11. O-O-O b5 12. Kb1 Bb7 13. Be2 b4 14. Nd5 Bxd5 15.
exd5 Qa5 16. c4 bxc3 17. Bxc3 Qb6 18. g4 Rab8 19. gxh5 Nxh5 20. Bxg7 Kxg7 21.
Rh2 a5 22. f4 Rh8 23. f5 Ne5 24. fxg6 fxg6 25. Ne6+ Kg8 26. Bd3 Qb4 27. Qc2 Ng7
28. Bxg6 Rxh4 29. Bh7+ Kh8 30. Rdh1 Rxh2 31. Qxh2 Nf3 32. Qc2 Nxe6 33. Bf5+ Kg7
34. Bxe6 Ng5 35. Rg1 Qf4 36. Qc7 Rxb2+ 37. Kxb2 Qf2+ 38. Kb3 Qxg1 39. Qxe7+ Kg6
40. Qxd6 Qb1+ 41. Ka3 Ne4 42. Qf8 Qd3+ 43. Ka4 Nc3+ 44. Kb3 Ne2+ 45. Ka4 Nc3+
46. Kb3 Nxd5+ 47. Ka4 Qe4+ 48. Kxa5 Qxe6 49. Qc5 Kf7 50. a4 Qe1+ 51. Ka6 Qe2+
52. Kb7 Qb2+ 53. Ka7 Ke6 54. Qc6+ Ke5 55. Qe8+ Kf5 56. Qd7+ Ke4 57. Qe8+ Kd3
1/2-1/2

[Event "Oberliga Ost A 2016 2017"]
[Site "Germany"]
[Date "2017.05.06"]
[Round "10.7"]
[White "Sieber, Fiona"]
[Black "Ader, Gunter"]
[Result "1/2-1/2"]
[WhiteElo "2236"]
[BlackElo "2023"]
[PlyCount "93"]
[EventDate "2016.10.16"]
[EventType "team-tourn"]
[EventCountry "GER"]
[WhiteTeam "Magdeburg SG Aufbau Elbe"]
[BlackTeam "Dresden USV TU II"]
[WhiteTeamCountry "GER"]
[BlackTeamCountry "GER"]

1. e4 d6 2. d4 Nf6 3. Nc3 g6 4. Be3 Bg7 5. f3 c6 6. Qd2 Qb6 7. O-O-O Nbd7 8. g4
Qa5 9. g5 Ng8 10. Kb1 Nb6 11. h4 h5 12. gxh6 Nxh6 13. Nh3 Bd7 14. h5 Qxh5 15.
Nf2 Qxf3 16. Be2 Qf6 17. Bxh6 Rxh6 18. Rxh6 Qxf2 19. Rh7 Bf6 20. Bc4 Qxd2 21.
Bxf7+ Kd8 22. Rxd2 g5 23. Nd1 Kc7 24. c3 d5 25. Kc2 dxe4 26. Ne3 Rf8 27. Rg2
Be8 28. Bxe8 Rxe8 29. Rg4 Nd5 30. Ng2 Bxd4 31. Rxg5 Bf6 32. Rg4 e3 33. Kd3 Rd8
34. Ke2 Kb6 35. Nxe3 Nxe3 36. Kxe3 Rd1 37. Rh2 Rd5 38. Rg8 Ra5 39. a3 Rd5 40.
Rhg2 a6 41. Rb8 Kc7 42. Rgg8 Rb5 43. Rbc8+ Kd7 44. Rcd8+ Kc7 45. Rc8+ Kd7 46.
Rcd8+ Kc7 47. Rc8+ 1/2-1/2

[Event "Oberliga Ost A 2016 2017"]
[Site "Germany"]
[Date "2017.05.06"]
[Round "10.8"]
[White "Oehl, Tim"]
[Black "Biastoch, Bennet"]
[Result "1-0"]
[WhiteElo "2126"]
[BlackElo "2105"]
[PlyCount "75"]
[EventDate "2016.10.16"]
[EventType "team-tourn"]
[EventCountry "GER"]
[WhiteTeam "Dresden USV TU II"]
[BlackTeam "Magdeburg SG Aufbau Elbe"]
[WhiteTeamCountry "GER"]
[BlackTeamCountry "GER"]

1. c4 e5 2. g3 Nf6 3. Bg2 d5 4. cxd5 Nxd5 5. Nc3 Nb6 6. Nf3 Nc6 7. O-O Be7 8.
d3 O-O 9. a4 a5 10. Be3 Be6 11. Bxb6 cxb6 12. Nb5 Bd5 13. Rc1 Bb4 14. e3 Qe7
15. d4 exd4 16. Nfxd4 Bxg2 17. Kxg2 Bc5 18. Qf3 Bxd4 19. exd4 Qb4 20. b3 Nxd4
21. Nxd4 Qxd4 22. Rfd1 Qe5 23. Rd7 Rad8 24. Rxb7 Rd6 25. Rc6 Rxc6 26. Qxc6 h6
27. Rxb6 Rb8 28. Rb5 Rxb5 29. axb5 Qb2 30. Qe8+ Kh7 31. Qxf7 Qd4 32. Qf5+ Kh8
33. Qc8+ Kh7 34. Qc6 h5 35. h4 g5 36. hxg5 h4 37. Qh6+ Kg8 38. Qg6+ 1-0

[Event "Oberliga Ost A 2016 2017"]
[Site "Germany"]
[Date "2017.05.06"]
[Round "10.1"]
[White "Fodor, Tamas Jr"]
[Black "Weitzer, Steffen"]
[Result "1-0"]
[WhiteElo "2511"]
[BlackElo "2224"]
[PlyCount "71"]
[EventDate "2016.10.16"]
[EventType "team-tourn"]
[EventCountry "GER"]
[WhiteTeam "Halle USV"]
[BlackTeam "Leipzig SG II"]
[WhiteTeamCountry "GER"]
[BlackTeamCountry "GER"]

1. d4 Nf6 2. c4 e5 3. dxe5 Ne4 4. a3 d6 5. Qc2 d5 6. cxd5 Qxd5 7. Nc3 Nxc3 8.
Qxc3 Nc6 9. Bf4 Bf5 10. Rd1 Qe4 11. e3 Be7 12. Nf3 Rd8 13. Rxd8+ Bxd8 14. Nd2
Qa4 15. Bc4 O-O 16. O-O Ne7 17. e4 Be6 18. Be3 Bxc4 19. Qxc4 Qd7 20. f4 Nc6 21.
Nf3 Re8 22. Qb3 b6 23. Rd1 Qe6 24. Qa4 Rf8 25. Rc1 Nb8 26. Qxa7 Qb3 27. Bd4 c5
28. Bc3 Nc6 29. Qd7 Ne7 30. f5 Qc4 31. Rd1 h6 32. f6 gxf6 33. exf6 Ng6 34. Qh3
Qe6 35. Qxh6 Bxf6 36. Ng5 1-0

[Event "Oberliga Ost A 2016 2017"]
[Site "Germany"]
[Date "2017.05.06"]
[Round "10.2"]
[White "Hentze, Markus"]
[Black "Hoepfl, Thomas"]
[Result "1/2-1/2"]
[WhiteElo "2173"]
[BlackElo "2288"]
[PlyCount "86"]
[EventDate "2016.10.16"]
[EventType "team-tourn"]
[EventCountry "GER"]
[WhiteTeam "Leipzig SG II"]
[BlackTeam "Halle USV"]
[WhiteTeamCountry "GER"]
[BlackTeamCountry "GER"]

1. e4 e5 2. Nf3 Nc6 3. d4 exd4 4. Nxd4 Nf6 5. Nxc6 bxc6 6. e5 Qe7 7. Qe2 Nd5 8.
c4 Nb6 9. Nc3 Qe6 10. Qe4 d5 11. exd6 Qxe4+ 12. Nxe4 cxd6 13. b3 d5 14. cxd5
Nxd5 15. Bd3 Nb4 16. Bb1 Ba6 17. f3 Be7 18. Bb2 O-O 19. a3 Nd3+ 20. Bxd3 Bxd3
21. O-O-O Rfd8 22. Rhe1 Rab8 23. f4 Rxb3 24. Nf2 Kf8 25. a4 f6 26. Re6 c5 27.
Nxd3 Rbxd3 28. Rde1 Bd6 29. g3 c4 30. Kc2 Bb4 31. R1e4 Rd2+ 32. Kb1 Rb8 33. Kc1
c3 34. Bxc3 Bxc3 35. Rc4 Ba5 36. Ra6 Rd5 37. Rxa7 Bb6 38. Ra6 Be3+ 39. Kc2 Rd2+
40. Kc3 Rxh2 41. Kd3 Re8 42. Re4 Rd2+ 43. Kxe3 Red8 1/2-1/2

[Event "Oberliga Ost A 2016 2017"]
[Site "Germany"]
[Date "2017.05.06"]
[Round "10.3"]
[White "Hartge, Gedeon"]
[Black "Braun, Gottfried"]
[Result "0-1"]
[WhiteElo "2089"]
[BlackElo "2240"]
[PlyCount "122"]
[EventDate "2016.10.16"]
[EventType "team-tourn"]
[EventCountry "GER"]
[WhiteTeam "Halle USV"]
[BlackTeam "Leipzig SG II"]
[WhiteTeamCountry "GER"]
[BlackTeamCountry "GER"]

1. d4 d6 2. c4 e5 3. Nf3 Nc6 4. Nc3 Nf6 5. d5 Ne7 6. e4 Ng6 7. g3 Be7 8. Bg2
O-O 9. O-O Ne8 10. Be3 f5 11. exf5 Bxf5 12. h3 h6 13. Kh2 Rf7 14. Nd2 Bg5 15.
Bxg5 Qxg5 16. Nde4 Qe7 17. b4 Nf6 18. c5 Raf8 19. cxd6 cxd6 20. Nxf6+ Rxf6 21.
Qe2 Qc7 22. Nd1 Qb6 23. a3 Bd7 24. Qe4 Ne7 25. Rc1 Nf5 26. Ne3 Nxe3 27. Qxe3
Bb5 28. Qxb6 axb6 29. Rg1 Rxf2 30. Rc7 R8f7 31. Rgc1 Bd3 32. Rxf7 Rxf7 33. Kg1
Kf8 34. h4 Ke7 35. Bh3 Kf6 36. Be6 Re7 37. g4 e4 38. Kf2 b5 39. Ke3 Ke5 40. Rc3
Bc4 41. a4 Bxd5 42. Bxd5 Kxd5 43. axb5 Rf7 44. Rc8 Rf3+ 45. Ke2 Rb3 46. Rc7
Rxb4 47. Rxb7 g6 48. Rg7 Rxb5 49. Rxg6 Rb2+ 50. Kf1 Ke5 51. g5 hxg5 52. Rxg5+
Kd4 53. h5 d5 54. Kg1 e3 55. h6 Rb8 56. Kf1 Ke4 57. h7 Rh8 58. Rh5 d4 59. Rh4+
Kd3 60. Rh3 Kd2 61. Rh2+ Kd1 0-1

[Event "Oberliga Ost A 2016 2017"]
[Site "Germany"]
[Date "2017.05.06"]
[Round "10.4"]
[White "Schoeneberg, Manfred"]
[Black "Becker, Michael"]
[Result "1/2-1/2"]
[WhiteElo "2245"]
[BlackElo "2288"]
[PlyCount "37"]
[EventDate "2016.10.16"]
[EventType "team-tourn"]
[EventCountry "GER"]
[WhiteTeam "Leipzig SG II"]
[BlackTeam "Halle USV"]
[WhiteTeamCountry "GER"]
[BlackTeamCountry "GER"]

1. e4 c5 2. Nf3 d6 3. d4 Nf6 4. Nc3 cxd4 5. Qxd4 a6 6. Be3 e5 7. Qd2 Be7 8. h3
O-O 9. Bd3 b5 10. a3 Bb7 11. Rd1 Nbd7 12. O-O Rc8 13. Rfe1 Qc7 14. Bg5 Rfe8 15.
Nh4 g6 16. g3 Nc5 17. Nf3 Ne6 18. Bh4 Kg7 19. Bxf6+ 1/2-1/2

[Event "Oberliga Ost A 2016 2017"]
[Site "Germany"]
[Date "2017.05.06"]
[Round "10.5"]
[White "Reipsch, Jens"]
[Black "Schunk, Thomas"]
[Result "1/2-1/2"]
[WhiteElo "2222"]
[BlackElo "2185"]
[PlyCount "58"]
[EventDate "2016.10.16"]
[EventType "team-tourn"]
[EventCountry "GER"]
[WhiteTeam "Halle USV"]
[BlackTeam "Leipzig SG II"]
[WhiteTeamCountry "GER"]
[BlackTeamCountry "GER"]

1. e4 e5 2. Nf3 d6 3. d4 Nf6 4. Nc3 Nbd7 5. Be2 Be7 6. O-O O-O 7. Bg5 c6 8. a4
Re8 9. Ne1 exd4 10. Qxd4 Qa5 11. Bd2 Qc5 12. Qxc5 Nxc5 13. f3 a5 14. Nd3 Ne6
15. Rfe1 Bd8 16. Be3 Nf8 17. Bf2 Bc7 18. Rad1 Ng6 19. b3 Re7 20. Bf1 Bd7 21.
Nb2 Ne5 22. Nc4 Nxc4 23. Bxc4 Be6 24. Bxe6 fxe6 25. Nb1 e5 26. Na3 Kf7 27. Rd2
Re6 28. Red1 Rae8 29. c4 Rb8 1/2-1/2

[Event "Oberliga Ost A 2016 2017"]
[Site "Germany"]
[Date "2017.05.06"]
[Round "10.6"]
[White "Pietzsch, Manuel"]
[Black "Altstadt, Karl Simon"]
[Result "1-0"]
[WhiteElo "2107"]
[BlackElo "2002"]
[PlyCount "63"]
[EventDate "2016.10.16"]
[EventType "team-tourn"]
[EventCountry "GER"]
[WhiteTeam "Leipzig SG II"]
[BlackTeam "Halle USV"]
[WhiteTeamCountry "GER"]
[BlackTeamCountry "GER"]

1. e4 c5 2. Nf3 d6 3. d4 cxd4 4. Nxd4 Nf6 5. Nc3 g6 6. Be3 Bg7 7. f3 O-O 8. Qd2
Nc6 9. Bc4 Bd7 10. O-O-O Rb8 11. Bb3 Na5 12. Kb1 b5 13. Ka1 b4 14. Nd5 Nxb3+
15. Nxb3 Nxd5 16. exd5 a5 17. Bd4 a4 18. Bxg7 Kxg7 19. Nd4 Qb6 20. h4 b3 21.
cxb3 axb3 22. h5 Ra8 23. a3 Rh8 24. h6+ Kf8 25. Rhe1 Re8 26. Qf4 f6 27. Ne6+
Kf7 28. g4 Ra8 29. Qe4 Rhe8 30. Ng7 Ra4 31. Qe2 Bb5 32. Qe6+ 1-0

[Event "Oberliga Ost A 2016 2017"]
[Site "Germany"]
[Date "2017.05.06"]
[Round "10.7"]
[White "Groeger, Stefan"]
[Black "Greger, Ubald"]
[Result "1/2-1/2"]
[WhiteElo "2166"]
[BlackElo "2079"]
[PlyCount "116"]
[EventDate "2016.10.16"]
[EventType "team-tourn"]
[EventCountry "GER"]
[WhiteTeam "Halle USV"]
[BlackTeam "Leipzig SG II"]
[WhiteTeamCountry "GER"]
[BlackTeamCountry "GER"]

1. d4 d6 2. Nf3 Nf6 3. c4 Nc6 4. d5 Ne5 5. Nc3 Ng6 6. h3 e5 7. e4 Be7 8. Be3
O-O 9. g4 c6 10. Qd2 Bd7 11. Bd3 cxd5 12. cxd5 a6 13. O-O-O Qa5 14. Kb1 Rfc8
15. Ne2 Qxd2 16. Bxd2 Bb5 17. Bxb5 axb5 18. Ng3 Ra4 19. Rhe1 Rca8 20. g5 Nd7
21. a3 Nc5 22. Bb4 b6 23. Nf5 Kf8 24. Re3 Nf4 25. Nxe7 Kxe7 26. Ne1 Rh8 27.
Bxc5 bxc5 28. Nd3 Nxd3 29. Rdxd3 h6 30. Rb3 Ra5 31. Rg3 hxg5 32. Rxg5 g6 33.
Rg4 Rb8 34. h4 Ra4 35. f3 Rc4 36. Rg3 b4 37. Rh3 Rh8 38. Re3 Kd7 39. Ka2 Rd4
40. Rb3 Kc7 41. Re3 Kb6 42. axb4 cxb4 43. Kb3 Kb5 44. Rh2 Rh5 45. Rc2 f5 46.
Rc8 f4 47. Rb8+ Kc5 48. Rc8+ Kb5 49. Rb8+ Kc5 50. Rc8+ Kb6 51. Re1 Rxh4 52.
Rec1 Rh7 53. Rb8+ Rb7 54. Rc6+ Ka7 55. Rxb7+ Kxb7 56. Rxd6 Rd3+ 57. Kxb4 Rxf3
58. Rxg6 Re3 1/2-1/2

[Event "Oberliga Ost A 2016 2017"]
[Site "Germany"]
[Date "2017.05.06"]
[Round "10.8"]
[White "Dietze, Frank"]
[Black "Hentzgen, Thomas"]
[Result "1/2-1/2"]
[WhiteElo "2141"]
[BlackElo "2061"]
[PlyCount "160"]
[EventDate "2016.10.16"]
[EventType "team-tourn"]
[EventCountry "GER"]
[WhiteTeam "Leipzig SG II"]
[BlackTeam "Halle USV"]
[WhiteTeamCountry "GER"]
[BlackTeamCountry "GER"]

1. d4 e6 2. c4 b6 3. e4 Bb7 4. Bd3 Bb4+ 5. Kf1 Nc6 6. c5 Nxd4 7. cxb6 axb6 8.
Be3 Nc6 9. Nf3 h6 10. Nbd2 Bxd2 11. Qxd2 Qf6 12. Qc2 e5 13. a3 Nge7 14. Rd1 O-O
15. h4 Ng6 16. Bb5 Rfd8 17. h5 Nf4 18. Nh4 Ne6 19. Bc4 Ba6 20. Bxa6 Rxa6 21.
Nf5 Ra7 22. Rh3 Ncd4 23. Bxd4 Nxd4 24. Nxd4 exd4 25. Rf3 Qh4 26. Qc4 Qxh5 27.
Qxd4 Qc5 28. Qd2 d6 29. Kg1 Re8 30. Qf4 Re7 31. Rd5 Qc2 32. Rg3 Rxe4 33. Qxh6
Re1+ 34. Kh2 Qh7 35. Rxg7+ Qxg7 36. Rg5 Qxg5 37. Qxg5+ Kf8 38. Qd8+ Re8 39. Qf6
Ra5 40. f4 Rc5 41. Kh3 Re2 42. Qh8+ Ke7 43. Qh4+ Kf8 44. g3 Ke8 45. Kg4 Rf2 46.
Qh8+ Kd7 47. b4 Rc4 48. Qf8 Ke6 49. Kg5 Rc3 50. Qe8+ Kd5 51. Kf5 Rc4 52. Qa8+
c6 53. Qh8 Rcc2 54. Qh5 Kc4 55. Qxf7+ d5 56. Qb7 Kb5 57. g4 Rf3 58. g5 Rxa3 59.
g6 Rg3 60. Kf6 Rcg2 61. f5 d4 62. Qd7 d3 63. Qd4 d2 64. Kf7 c5 65. bxc5 bxc5
66. Qb2+ Kc4 67. Qc2+ Kb4 68. f6 Rxg6 69. Qb2+ Kc4 70. Qc2+ Kd4 71. Qb2+ Ke3
72. Qb3+ Ke2 73. Qc4+ Ke1 74. Qe4+ Kf1 75. Qf3+ Ke1 76. Qe4+ Kf1 77. Qf3+ Ke1
78. Qe4+ Kf1 79. Qf3+ Ke1 80. Qe4+ Kf1 1/2-1/2

[Event "Oberliga Ost A 2016 2017"]
[Site "Germany"]
[Date "2017.05.06"]
[Round "10.1"]
[White "Tuma, Jakub"]
[Black "Lechtynsky, Jiri"]
[Result "1/2-1/2"]
[WhiteElo "2261"]
[BlackElo "2354"]
[PlyCount "34"]
[EventDate "2016.10.16"]
[EventType "team-tourn"]
[EventCountry "GER"]
[WhiteTeam "Magdeburg SV Rochade"]
[BlackTeam "Hoyerswerda FVS ASP"]
[WhiteTeamCountry "GER"]
[BlackTeamCountry "GER"]

1. e4 c6 2. d4 d5 3. exd5 cxd5 4. Bd3 Nc6 5. c3 Nf6 6. Bf4 Bg4 7. Qb3 Na5 8.
Qa4+ Bd7 9. Qc2 Qb6 10. a4 Qb3 11. Nd2 Qxc2 12. Bxc2 Rc8 13. Ngf3 e6 14. O-O
Be7 15. Rfc1 O-O 16. b4 Nc4 17. Nxc4 dxc4 1/2-1/2

[Event "Oberliga Ost A 2016 2017"]
[Site "Germany"]
[Date "2017.05.06"]
[Round "10.2"]
[White "Orsag, Milan"]
[Black "Jaeger, Dominik"]
[Result "1-0"]
[WhiteElo "2332"]
[BlackElo "2280"]
[PlyCount "93"]
[EventDate "2016.10.16"]
[EventType "team-tourn"]
[EventCountry "GER"]
[WhiteTeam "Hoyerswerda FVS ASP"]
[BlackTeam "Magdeburg SV Rochade"]
[WhiteTeamCountry "GER"]
[BlackTeamCountry "GER"]

1. d4 Nf6 2. c4 e6 3. Nf3 b6 4. Nc3 Bb7 5. a3 d5 6. cxd5 exd5 7. g3 a6 8. Bg2
Bd6 9. O-O O-O 10. Nh4 Re8 11. Bg5 Be7 12. Nf5 Bf8 13. Qc2 Re6 14. e4 dxe4 15.
Nxe4 Bxe4 16. Bxe4 c6 17. Bg2 h6 18. Bd2 Ra7 19. Rfe1 Nd5 20. Rxe6 fxe6 21. Nh4
Qf6 22. Qe4 Rb7 23. Kf1 c5 24. Bh3 Re7 25. Re1 Nc6 26. Bxe6+ Rxe6 27. Qxe6+
Qxe6 28. Rxe6 Nxd4 29. Re5 Ne7 30. Kg2 Kf7 31. Nf3 Nec6 32. Re4 Nxf3 33. Kxf3
Be7 34. Bc3 g6 35. h4 b5 36. Bd2 Nd4+ 37. Ke3 Nf5+ 38. Kd3 Nd6 39. Re1 g5 40.
hxg5 hxg5 41. Bc3 Nc4 42. Re4 Nd6 43. Re5 Nc4 44. Rf5+ Ke6 45. g4 Bd8 46. Rxc5
Nb6 47. Ke4 1-0

[Event "Oberliga Ost A 2016 2017"]
[Site "Germany"]
[Date "2017.05.06"]
[Round "10.3"]
[White "Niering, Martin"]
[Black "Jahnel, Guenther"]
[Result "1-0"]
[WhiteElo "2226"]
[BlackElo "2270"]
[PlyCount "141"]
[EventDate "2016.10.16"]
[EventType "team-tourn"]
[EventCountry "GER"]
[WhiteTeam "Magdeburg SV Rochade"]
[BlackTeam "Hoyerswerda FVS ASP"]
[WhiteTeamCountry "GER"]
[BlackTeamCountry "GER"]

1. e4 d6 2. d4 Nf6 3. Nc3 g6 4. Be3 c6 5. Nf3 Bg7 6. h3 Qc7 7. Bd3 Nbd7 8. O-O
O-O 9. Qd2 e5 10. dxe5 dxe5 11. Ne2 Re8 12. Ng3 Nf8 13. a4 Ne6 14. Bc4 Bd7 15.
Ng5 Nxg5 16. Bxg5 Be6 17. Bxe6 Rxe6 18. Rfd1 Bf8 19. Qc3 b6 20. Qf3 Ne8 21. c3
h6 22. Be3 Rd8 23. Nf1 Red6 24. Nh2 h5 25. Nf1 Ng7 26. b4 Ne6 27. Rxd6 Rxd6 28.
a5 b5 29. Rd1 a6 30. Bb6 Qd7 31. Rxd6 Qxd6 32. h4 c5 33. Ne3 cxb4 34. cxb4 Nf4
35. g3 Ne6 36. Nd5 Bg7 37. Qc3 Qd7 38. Bc5 Kh8 39. Be7 Nd4 40. Kg2 Nc6 41. Bc5
f5 42. Qe3 Nd4 43. Ne7 Qb7 44. Nxg6+ Kh7 45. Nxe5 Nc2 46. Qf4 Qxe4+ 47. Qxe4
fxe4 48. Nc6 Bc3 49. Kf1 Kg7 50. Ke2 Kf7 51. Kd1 Ne1 52. Bd4 Bxd4 53. Nxd4 Nd3
54. Nc6 Ke6 55. Ke2 Kd5 56. Nb8 Nxb4 57. g4 hxg4 58. h5 Ke5 59. h6 Kf6 60. Ke3
Kg6 61. Kf4 Kxh6 62. Kxg4 Nd3 63. Nxa6 Kg6 64. Nc7 Nxf2+ 65. Kg3 e3 66. a6 Ne4+
67. Kf3 Nd2+ 68. Kxe3 Nc4+ 69. Kd4 Kf6 70. a7 Nb6 71. Nd5+ 1-0

[Event "Oberliga Ost A 2016 2017"]
[Site "Germany"]
[Date "2017.05.06"]
[Round "10.4"]
[White "Kesik, Klaus Dieter"]
[Black "Stolz, Mike"]
[Result "1-0"]
[WhiteElo "2220"]
[BlackElo "2319"]
[PlyCount "89"]
[EventDate "2016.10.16"]
[EventType "team-tourn"]
[EventCountry "GER"]
[WhiteTeam "Hoyerswerda FVS ASP"]
[BlackTeam "Magdeburg SV Rochade"]
[WhiteTeamCountry "GER"]
[BlackTeamCountry "GER"]

1. d4 f5 2. Nf3 Nf6 3. Bf4 d6 4. h3 c5 5. e3 g6 6. Nc3 Qa5 7. Nd2 cxd4 8. Nc4
Qd8 9. exd4 Bg7 10. Qd2 O-O 11. Be2 a6 12. a4 Nc6 13. d5 Nb4 14. a5 b5 15. Nb6
Rb8 16. Bf3 Rxb6 17. axb6 Qxb6 18. O-O Nd7 19. Be3 Qc7 20. Nxb5 axb5 21. Qxb4
Qxc2 22. Bd4 Ne5 23. Rfc1 Qd3 24. Bxe5 Bxe5 25. Ra3 Qd4 26. Qxd4 Bxd4 27. Rc7
f4 28. Rb3 Bf5 29. Rxe7 Rc8 30. Re2 Bc5 31. Bg4 Bxg4 32. hxg4 b4 33. g5 Rf8 34.
Rf3 Rf5 35. Re7 Rxg5 36. Rxf4 Rxd5 37. Rff7 Rd1+ 38. Kh2 Rd2 39. Rg7+ Kf8 40.
Ref7+ Ke8 41. Rb7 Kf8 42. Rxh7 Kg8 43. Rbg7+ Kf8 44. Rc7 Re2 45. Rc8+ 1-0

[Event "Oberliga Ost A 2016 2017"]
[Site "Germany"]
[Date "2017.05.06"]
[Round "10.5"]
[White "Waechter, Nathalie"]
[Black "Graf, Roland"]
[Result "0-1"]
[WhiteElo "1974"]
[BlackElo "2140"]
[PlyCount "106"]
[EventDate "2016.10.16"]
[EventType "team-tourn"]
[EventCountry "GER"]
[WhiteTeam "Magdeburg SV Rochade"]
[BlackTeam "Hoyerswerda FVS ASP"]
[WhiteTeamCountry "GER"]
[BlackTeamCountry "GER"]

1. d4 Nf6 2. c4 g6 3. Nc3 d5 4. Nf3 Bg7 5. Qb3 c6 6. cxd5 Nxd5 7. e4 Nxc3 8.
bxc3 O-O 9. Bf4 b6 10. Bc4 Ba6 11. O-O Bxc4 12. Qxc4 Qc8 13. Ne5 e6 14. Rad1 b5
15. Qb3 Nd7 16. Nd3 Nb6 17. Nc5 Re8 18. Bg3 a6 19. f4 Nc4 20. Rf3 f5 21. Bf2
Qc7 22. Qc2 Bh6 23. g3 Bf8 24. Re1 Rad8 25. Nd3 Nd6 26. Nc5 Nc4 27. Nd3 Nd6 28.
Rfe3 Nxe4 29. Ne5 c5 30. Rxe4 fxe4 31. Qxe4 cxd4 32. cxd4 Rc8 33. d5 Bc5 34.
Ng4 Bxf2+ 35. Nxf2 exd5 36. Qxd5+ Qf7 37. Rxe8+ Rxe8 38. Qd2 Qc4 39. Ng4 Qc5+
40. Kg2 Qc6+ 41. Kg1 Rc8 42. Qd4 Qc5 43. Nf6+ Kf7 44. Qxc5 Rxc5 45. Nxh7 Rc1+
46. Kf2 Rc2+ 47. Ke3 Rxh2 48. Ng5+ Ke7 49. Kd4 Rxa2 50. Kc5 Rb2 51. Ne4 a5 52.
Nc3 Rc2 53. Kd4 Rxc3 0-1